Dionysiou hē tēs oikoumēnēs [as printed] peras printed] : ... Dionysii mundi descriptio Stephano interprete. ...

Bibliographic Details
Main Author: Dionysius, Periegetes
Format: eBook
Language:Latin
Published: Londini : prostant apud J. Goudge, 1708.
Series:Eighteenth century collections online.
Online Access:Full text online

MARC

Tag First Indicator Second Indicator Subfields
LEADER 00000cam a2200000 4500
001 in00001908346
006 m | d |
007 cr |n||||||||n
008 831012s1708 enk|||| s 00||||lat d
005 20260414165030.1
035 |a (CStRLIN)ESTCT145303 
040 |a Uk-ES  |c Uk-ES  |d CStRLIN  |d Thomson Gale  |d UtOrBLW 
100 0 |a Dionysius,  |c Periegetes. 
245 1 0 |a Dionysiou hē tēs oikoumēnēs [as printed] peras printed] :  |b ... Dionysii mundi descriptio Stephano interprete. ... 
264 1 |a Londini :  |b prostant apud J. Goudge,  |c 1708. 
300 |a 36 unnumbered pages;52p., plates :  |b maps ;  |c 12⁰. 
336 |a text  |b txt  |2 rdacontent 
337 |a computer  |b c  |2 rdamedia 
338 |a online resource  |b cr  |2 rdacarrier 
500 |a The Greek text is unpaginated and has as the final leaf: 'Books printed by Eliz. Redmayne'. 
500 |a The Latin translation has separate pagination and register. 
500 |a A reissue of the Greek text, with a cancel titlepage and the addition of the Latin text ?. 
500 |a Reproduction of original from the British Library. 
510 4 |a English Short Title Catalog,  |c ESTCT145303. 
533 |a Electronic reproduction.  |b Farmington Hills, Mich. :  |c Thomson Gale,  |d 2003.  |n Available via the World Wide Web.  |n Access limited by licensing agreements  |7 s2003 miunns 
500 |a Electronic resource. 
700 0 2 |a Dionysius,  |c Periegetes.  |t Orbis terrae descriptio. 
700 0 2 |a Dionysius,  |c Periegetes.  |t Orbis terrae descriptio.  |l Greek. 
830 0 |a Eighteenth century collections online. 
856 4 0 |u http://proxy.library.tamu.edu/login?url=https://galenet.galegroup.com/servlet/ECCO?c=1&stp=Author&ste=11&af=BN&ae=T145303&tiPG=1&dd=0&dc=flc&docNum=CW113350817&vrsn=1.0&srchtp=a&d4=0.33&n=10&SU=0LRK&locID=txshracd2898  |z Full text online  |t 0 
999 |a MARS 
999 f f |s 12ab5a73-781a-3222-9d4c-6b3cbe303b6b  |i 8df3aa3f-b08c-30e6-bfc0-f7f7de15d9e4  |t 0 
952 f f |a Texas A&M University  |b College Station  |c Electronic Resources  |s www_evans  |d Available Online  |t 0  |h No information provided 
998 f f |t 0  |l Available Online